00867cam a22002531 45000010005000000030008000050050017000130080039000300350018000690350018000870400045001050410008001500820020001581000025001782450102002032600049003053000037003544900041003915000041004325040066004736500028005398300008005678300038005753164BD-RjUL20211208233703.0131218s1955 maua b 000 0 eng a(BD-RjUL)3198 a(OCoLC)253832 aDLCcODaWUdOCoLCdUkdDLCdBD-RjULbeng aeng00a336.2bHOS 19551 aHolzman, Franklyn D.10aSoviet taxation :bthe fiscal and monetary problems of a planned economy /c Franklyn D. Holzman. aCambridge,bHarvard University Press,c1955. axix, 376 p. :btables. ;c22 cm.1 aRussian Research Center studies,v16 aBased on thesis, Harvard University. aBibliographical references included in "Notes" (p. [333]-369) 0aTaxationzSoviet Union. 0v16. 0aRussian Research Center studies ;